000 00588nam a22001817a 4500
005 20251108171234.0
008 250721s1986 xx 000 0 ara d
082 1 4 _a029.7/طبا
100 1 _aطباع، عبد الله أنيس
245 1 0 _aعلم الأعلام :
_bالوثائق و المحفوظات /
264 1 _aبيروت :
_bالشركة العالمية للكتاب طباعة - نشر - توزيع،
_c1986.
300 _a637ص
650 1 7 _aالتوثيق
650 1 7 _aالإعلام
650 1 7 _aعلم المعلومات
942 _2ddc
_cBK
999 _c60128
_d60128